000
00285nam a22001217a 4500
008
181102b xxu||||| |||| 00| 0 eng d
041
_a
eng
080
_a
101
100
_a
23
101
_a
FIL
245
_a
A Philisophy Of The Practice Of Dentistry
_c
Wirth.F.H
942
_2
udc
_c
BK
999
_c
51753
_d
51753